000 01188nam a2200349 i 4500
001 13221
003 KOSZ 005
005 20240405063017.0
008 070820s1970 pl f 000 0 pol
015 _aPB 1970/11101
040 _aWA N
_cWA N
_dKOSZ 005/RW
080 _a347.77(438)
245 0 0 _aPrawo wynalazcze :
_bzbiór podstawowych przepisów /
_czebrał i wstępem opatrzył Jerzy Kośmider.
250 _aWyd. 4 popr. i uzup.
260 _aWarszawa :
_bWydawnictwo Związkowe CRZZ,
_c1970.
300 _a356, [4] stron ;
_c18 cm.
336 _aTekst
_btxt
_2rdacontent
337 _aBez urządzenia pośredniczącego
_bn
_2rdamedia
338 _aWolumin
_bnc
_2rdacarrier
380 _aKsiążki.
658 _aPrawo i wymiar sprawiedliwości
658 _aNauka i badania
648 _a1901-2000
651 _aPolska
650 4 _aPrawo
648 _a1945-1989
650 4 _aWynalazki
700 1 _aKośmider, Jerzy.
_eWybór.
710 2 _aWydawnictwo Związkowe CRZZ
_4pbl.
856 _uhttp://koha.tu.koszalin.pl/cgi-bin/koha/opac-detail.pl?biblionumber=13221
_yKatalog online BPK
942 _2UKD
_cKS
999 _c13221
_d13221